Butterflies be gone : (Record no. 14578)

MARC details
000 -LEADER
fixed length control field 00953nam a22002657a 4500
001 - CONTROL NUMBER
control field ENG-90592
003 - CONTROL NUMBER IDENTIFIER
control field dpl
005 - DATE AND TIME OF LATEST TRANSACTION
control field 20060810202909.0
006 - FIXED-LENGTH DATA ELEMENTS--ADDITIONAL MATERIAL CHARACTERISTICS--GENERAL INFORMATION
fixed length control field a|||||r|||||00| 0
008 - FIXED-LENGTH DATA ELEMENTS--GENERAL INFORMATION
fixed length control field 080724t xxu||||| |||| 00| 0 eng d
010 ## - LIBRARY OF CONGRESS CONTROL NUMBER
LC control number ENG-90592
020 ## - INTERNATIONAL STANDARD BOOK NUMBER
International Standard Book Number 0071473629
Terms of availability 250.00
037 ## - SOURCE OF ACQUISITION
Source of stock number/acquisition DBAD /PUB
040 ## - CATALOGING SOURCE
Original cataloging agency DPL
082 ## - DEWEY DECIMAL CLASSIFICATION NUMBER
Classification number 808.51
100 ## - MAIN ENTRY--PERSONAL NAME
Personal name Bell, Arthur H.
9 (RLIN) 46
245 ## - TITLE STATEMENT
Title Butterflies be gone :
Remainder of title a hands-on approach to sweat - proof public speaking /
Statement of responsibility, etc Arthur H. Bell.
260 ## - PUBLICATION, DISTRIBUTION, ETC. (IMPRINT)
Place of publication, distribution, etc New Delhi
Name of publisher, distributor, etc Tata McGraw-Hill Publishing
Date of publication, distribution, etc 2008
300 ## - PHYSICAL DESCRIPTION
Extent xiv, 200p.
Dimensions 22 cm.(pbk)
500 ## - GENERAL NOTE
General note Includes appendix, bibliographical references and index
650 ## - SUBJECT ADDED ENTRY--TOPICAL TERM
Topical term or geographic name as entry element Public speaking
942 ## - ADDED ENTRY ELEMENTS (KOHA)
Source of classification or shelving scheme Dewey Decimal Classification
Koha item type English Books
Classification part 808.51
Call number suffix BEL
Holdings
Withdrawn status Lost status Source of classification or shelving scheme Damaged status Not for loan Collection code Home library Current library Date acquired Source of acquisition Cost, normal purchase price Total Checkouts Full call number Barcode Date last seen Copy number Cost, replacement price Price effective from Koha item type
    Dewey Decimal Classification   Not For Loan Non-fiction D.B.Act.Division D.B.Act.Division 24/07/2008 DBAD / PUB 250.00   808.51 BEL EN-74125 15/09/2008 1 250.00 15/09/2008 English Books

© Delhi Public Library
Hit Counter
free hit counter